000 00431nam a2200169Ia 4500
008 230711s9999||||xx |||||||||||||| ||und||
020 _a81-85336-47-4
041 _aENG
082 _a519.7
_bKA-M
100 _aKambo,N.S
245 0 _aMathematical Programming Techniques
250 _a1st Ed.
260 _c1991
_aNew Delhi
_bAffiliated East-West Press Private Limited
300 _a736p.
650 _aMathematics
942 _cBK
999 _c6742
_d6742